000
00283 a2200109 4500
001
ART_17532
005
20260410161750.0
008
260409a
245
1
0
_a
The Black Swan
100
1
_a
Taleb, Nassim N.
773
0
_t
Book Summary
_g
- NÂș 11 (ene. 2008)
_w
REV4099
999
_c
19590
_d
19590